00997cam a22002777a 4500003000500000005001700005008004100022010001000063011001100073020001800084035001100102040000900113082002300122110000800145245018800153260002300341300005300364490007100417650003600488650003200524650002400556650002700580650002100607700002000628830007100648CHAP20220817044407.0101111s2009 it a rn 00010 spa d a99763 a100735 a9789253061532 a111421 cCHAP04a338.47664bF21 v.62 aFAO14aEnfermedades transmitidas por alimentos y su impacto socioeconómico :bestudios de caso en Costa Rica, El Salvador, Guatemala, Honduras y Nicaraguac/por Gisella Kopper ... [et al.] aRoma :bFAO,c2009 ax, 190 p. :bilus., gráfs., cuadros, diagramas 0aInforme técnico sobre ingeniería agrícola y alimentariav; 614aAlimentosxAspectos economicos.14aAlimentosxContaminación.14aAlimentosxHigiene.14aInocuidad alimentaria.14aSalud pública.1 aKopper, Gisella 0aInforme técnico sobre ingeniería agrícola y alimentariav; 6